[Event "DSOL 06 Liga Final 1st"]
[Site "Playchess.com INT"]
[Date "2020.09.11"]
[Round "3.2"]
[White "Rydzewski, Klaus"]
[Black "Losch, Heinz Juergen"]
[Result "1-0"]
[WhiteElo "1840"]
[BlackElo "1759"]
[PlyCount "57"]
[EventDate "2020.06.22"]
[EventType "team-k.o. (rapid)"]
[EventCountry "GER"]
[SourceTitle "EXT 2021"]
[Source "ChessBase"]
[SourceDate "2020.10.23"]
[SourceVersion "1"]
[SourceVersionDate "2020.10.23"]
[SourceQuality "1"]
[WhiteTeam "Horst Emscher II"]
[BlackTeam "Essen Katernberg II"]
[WhiteTeamCountry "GER"]
[BlackTeamCountry "GER"]

1. e4 e6 2. d4 d5 3. e5 c5 4. c3 Nc6 5. Nf3 Qb6 6. a3 a5 7. Bd3 Bd7 8. Bc2 cxd4 9. cxd4 Rc8 10. Nc3 Nge7 11. 0-0 Nf5 12. Bxf5 exf5 13. Nxd5 Qd8 14. Nc3 Be7 15. d5 Na7 16. d6 Bf8 17. Bg5 f6 18. exf6 gxf6 19. Qd5 Bg7 20. Rae1+ Kf8 21. Re7 Be8 22. Nd4 Qxe7 23. dxe7+ Kxe7 24. Re1+ Kf8 25. Ne6+ Kg8 26. Nd8+ Kf8 27. Qd6+ Kg8 28. Rxe8+ Bf8 29. Qxf8# 1-0

[Event "DSOL 06 Liga Gr-C 1st"]
[Site "Playchess.com INT"]
[Date "2020.07.28"]
[Round "6.2"]
[White "Stark, Klaus"]
[Black "Rydzewski, Klaus"]
[Result "0-1"]
[WhiteElo "1525"]
[BlackElo "1840"]
[PlyCount "82"]
[EventDate "2020.06.22"]
[EventType "team-tourn (rapid)"]
[EventCountry "GER"]
[SourceTitle "EXT 2021"]
[Source "ChessBase"]
[SourceDate "2020.10.23"]
[SourceVersion "1"]
[SourceVersionDate "2020.10.23"]
[SourceQuality "1"]
[WhiteTeam "Bad Salzuflen Caissa"]
[BlackTeam "Horst Emscher II"]
[WhiteTeamCountry "GER"]
[BlackTeamCountry "GER"]

1. d4 e6 2. Nf3 Nf6 3. c4 d5 4. Nc3 Be7 5. cxd5 exd5 6. Bg5 c6 7. Qc2 0-0 8. e3 h6 9. Bf4 Nh5 10. Be2 Nxf4 11. exf4 Nd7 12. 0-0 Bd6 13. Ne5 Re8 14. Rfe1 Nf8 15. Rac1 Qf6 16. Qd2 Bf5 17. g3 Ne6 18. Nd1 g5 19. Bh5 Bg6 20. Bxg6 fxg6 21. Ng4 Qf8 22. Qd3 Kg7 23. Ne5 Bxe5 24. fxe5 Qb4 25. Ne3 Qxd4 26. Qb3 Qb6 27. Qa3 h5 28. h3 Rad8 29. Rcd1 a5 30. Kg2 Qc7 31. b4 axb4 32. Qxb4 Qf7 33. a4 Rf8 34. Rf1 g4 35. hxg4 d4 36. Nc4 Qf3+ 37. Kg1 Nf4 38. Qxb7+ Kg8 39. gxf4 Qxg4+ 40. Kh1 Qf3+ 41. Kg1 Rxf4 0-1

[Event "DSOL 06 Liga Gr-C 1st"]
[Site "Playchess.com INT"]
[Date "2020.07.22"]
[Round "5.2"]
[White "Guo, Jacob Tingshen"]
[Black "Rydzewski, Klaus"]
[Result "0-1"]
[WhiteElo "1512"]
[BlackElo "1840"]
[PlyCount "50"]
[EventDate "2020.06.22"]
[EventType "team-tourn (rapid)"]
[EventCountry "GER"]
[SourceTitle "EXT 2021"]
[Source "ChessBase"]
[SourceDate "2020.10.23"]
[SourceVersion "1"]
[SourceVersionDate "2020.10.23"]
[SourceQuality "1"]
[WhiteTeam "Norderstedt III"]
[BlackTeam "Horst Emscher II"]
[WhiteTeamCountry "GER"]
[BlackTeamCountry "GER"]

1. d4 e6 2. c4 f5 3. Nc3 Nf6 4. Nf3 d5 5. Bg5 Be7 6. h3 c6 7. e3 Nbd7 8. Be2 0-0 9. 0-0 Ne4 10. Bxe7 Qxe7 11. Qc2 b6 12. Rac1 Bb7 13. Nd2 Rac8 14. Ndxe4 fxe4 15. cxd5 exd5 16. Qd2 Rce8 17. Rb1 Qg5 18. b4 Rf6 19. Rfe1 Nf8 20. Bf1 Ng6 21. Qe2 Bc8 22. Kh1 Ref8 23. Nd1 Nh4 24. Rb2 Nf3 25. gxf3 Rg6 0-1

[Event "Ruhrgebiet Regionalliga 1112"]
[Site "Nordrheinwestfalen"]
[Date "2011.10.23"]
[Round "2.6"]
[White "Rydzewski, Klaus"]
[Black "Thanabalasingam, Ajandhan"]
[Result "1-0"]
[WhiteElo "1954"]
[BlackElo "1924"]
[PlyCount "39"]
[EventDate "2011.09.25"]
[EventType "team-tourn"]
[EventRounds "9"]
[EventCountry "GER"]
[SourceTitle "EXT 2020"]
[Source "ChessBase"]
[SourceDate "2019.10.17"]
[SourceVersion "1"]
[SourceVersionDate "2019.10.17"]
[SourceQuality "1"]
[WhiteTeam "Horst Emscher"]
[BlackTeam "Bochum SG III"]
[WhiteTeamCountry "GER"]
[BlackTeamCountry "GER"]

1. e4 c5 2. c3 d5 3. exd5 Qxd5 4. d4 g6 5. Nf3 Bg7 6. Be3 cxd4 7. cxd4 Qa5+ 8. Nc3 Nh6 9. Bd3 0-0 10. 0-0 Rd8 11. Qb3 Nc6 12. Bc4 Qf5 13. Bd5 Ng4 14. h3 Nxe3 15. fxe3 e6 16. Bxc6 bxc6 17. Ne5 Qg5 18. Ne4 Qh5 19. Nxf7 Rf8 20. Nfg5 1-0

[Event "Ruhrgebiet Regionalliga 1112"]
[Site "Nordrheinwestfalen"]
[Date "2011.09.25"]
[Round "1.7"]
[White "Rydzewski, Klaus"]
[Black "Rohel, Markus"]
[Result "1/2-1/2"]
[WhiteElo "1954"]
[BlackElo "2059"]
[PlyCount "107"]
[EventDate "2011.09.25"]
[EventType "team-tourn"]
[EventRounds "9"]
[EventCountry "GER"]
[SourceTitle "EXT 2020"]
[Source "ChessBase"]
[SourceDate "2019.10.17"]
[SourceVersion "1"]
[SourceVersionDate "2019.10.17"]
[SourceQuality "1"]
[WhiteTeam "Horst Emscher"]
[BlackTeam "Oberhausen SV II"]
[WhiteTeamCountry "GER"]
[BlackTeamCountry "GER"]

1. e4 c5 2. c3 b6 3. d4 Bb7 4. Bd3 g6 5. Nf3 Bg7 6. 0-0 d6 7. Re1 e5 8. Be3 Ne7 9. Qd2 0-0 10. Bh6 Nbc6 11. Bxg7 Kxg7 12. d5 Nb8 13. Na3 Nd7 14. Nc4 Nf6 15. Ne3 h6 16. Nh4 Bc8 17. Rf1 Nh5 18. g3 f5 19. exf5 gxf5 20. Qd1 Qe8 21. Be2 Nf6 22. c4 Qf7 23. Qc2 Nh7 24. f4 e4 25. Rf2 Qf6 26. Rd1 Bd7 27. Kh1 Rg8 28. Rg2 Nf8 29. Bh5 Be8 30. Bxe8 Rxe8 31. Rdg1 Nfg6 32. Nxg6 Nxg6 33. Qe2 Ref8 34. Qh5 Kh7 35. Rd2 Rg7 36. Rc1 Ne7 37. Rf1 Qg6 38. Qxg6+ Rxg6 39. Re2 h5 40. Rg2 Ng8 41. h3 Nh6 42. Rfg1 Kg7 43. Rf1 Kf6 44. Kg1 a6 45. a4 Rg7 46. Ra1 Rfg8 47. Kf2 Rb8 48. Rgg1 Rgb7 49. g4 hxg4 50. hxg4 Nxg4+ 51. Nxg4+ fxg4 52. Rxg4 Rg7 53. Rxg7 Kxg7 54. Ke3 1/2-1/2

[Event "Ruhrgebiet VK2 0708"]
[Site "Germany"]
[Date "2008.04.06"]
[Round "8.3"]
[White "Schneider, Markus"]
[Black "Rydzewski, Klaus"]
[Result "1-0"]
[WhiteElo "1960"]
[BlackElo "2020"]
[PlyCount "51"]
[EventDate "2007.09.16"]
[EventType "team"]
[EventRounds "9"]
[EventCountry "GER"]
[SourceTitle "EXT 2009"]
[Source "ChessBase"]
[SourceDate "2008.11.26"]
[SourceVersion "1"]
[SourceVersionDate "2008.11.26"]
[SourceQuality "1"]
[WhiteTeam "Mengede SG"]
[BlackTeam "Horst Emscher II"]
[WhiteTeamCountry "GER"]
[BlackTeamCountry "GER"]

1. e4 e6 2. d4 d5 3. Nd2 f5 4. exf5 exf5 5. Bd3 Nf6 6. Ndf3 Bd6 7. Ne2 0-0 8. 0-0 c6 9. c4 Ne4 10. Qb3 Kh8 11. Nc3 dxc4 12. Bxc4 Nd7 13. Nxe4 fxe4 14. Ng5 Nf6 15. Nf7+ Rxf7 16. Bxf7 Ng4 17. g3 Qf6 18. Bc4 b5 19. Be2 Be6 20. Qc3 Rf8 21. Qxc6 Nxh2 22. Qxd6 Nxf1 23. Bf4 Nd2 24. d5 e3 25. Bxe3 Nc4 26. Bxc4 1-0

[Event "Ruhrgebiet VK2 0708"]
[Site "Germany"]
[Date "2007.09.16"]
[Round "1.3"]
[White "Samisch, Romuald"]
[Black "Rydzewski, Klaus"]
[Result "0-1"]
[WhiteElo "1847"]
[BlackElo "2020"]
[PlyCount "70"]
[EventDate "2007.09.16"]
[EventType "team"]
[EventRounds "9"]
[EventCountry "GER"]
[SourceTitle "EXT 2009"]
[Source "ChessBase"]
[SourceDate "2008.11.26"]
[SourceVersion "1"]
[SourceVersionDate "2008.11.26"]
[SourceQuality "1"]
[WhiteTeam "Altstadt RE II"]
[BlackTeam "Horst Emscher II"]
[WhiteTeamCountry "GER"]
[BlackTeamCountry "GER"]

1. Nf3 d5 2. g3 Nf6 3. Bg2 e6 4. 0-0 Nbd7 5. d3 Bd6 6. c4 c6 7. b3 0-0 8. Bb2 e5 9. cxd5 Nxd5 10. Nc3 Nxc3 11. Bxc3 Qe7 12. Qc2 Nb6 13. Nd2 f5 14. e4 f4 15. d4 Bg4 16. Nf3 Nd7 17. dxe5 Bxe5 18. Nxe5 Nxe5 19. Bxe5 Qxe5 20. f3 Be6 21. Qf2 b6 22. Rfd1 Rfd8 23. gxf4 Qxf4 24. Qc2 c5 25. Rxd8+ Rxd8 26. Rd1 Qe3+ 27. Kf1 Rd4 28. Rxd4 Qxd4 29. Qf2 Qa1+ 30. Qe1 Qxa2 31. Qd1 Qa6+ 32. Kg1 Qc8 33. f4 Qd7 34. Qc2 Qd4+ 35. Kh1 Qa1+ 0-1

[Event "Ruhrgebiet VK playoff 0405"]
[Site "Ruhrgebiet"]
[Date "2005.06.12"]
[Round "3.2"]
[White "Pahne, Dirk"]
[Black "Rydzewski, Klaus"]
[Result "0-1"]
[WhiteElo "1995"]
[BlackElo "1963"]
[PlyCount "26"]
[EventDate "2005.05.08"]
[EventType "team"]
[EventRounds "3"]
[EventCountry "GER"]
[SourceTitle "EXT 2006"]
[Source "ChessBase"]
[SourceDate "2005.11.24"]
[SourceVersion "1"]
[SourceVersionDate "2005.11.24"]
[SourceQuality "1"]
[WhiteTeam "Eving SV Rochade"]
[BlackTeam "Horst III"]
[WhiteTeamCountry "GER"]
[BlackTeamCountry "GER"]

1. e4 e6 2. d4 d5 3. Nd2 f5 4. exf5 exf5 5. Ngf3 Nf6 6. Bb5+ c6 7. Bd3 Bd6 8. Qe2+ Ne4 9. Nxe4 fxe4 10. Ng5 0-0 11. Qh5 h6 12. h4 exd3 13. Qg6 Qe8+ 0-1

[Event "Ruhrgebiet playoff 0304"]
[Site "Ruhrgebiet"]
[Date "2004.06.06"]
[Round "3.8"]
[White "Rolf, Sebastian"]
[Black "Rydzewski, Klaus"]
[Result "0-1"]
[WhiteElo "1868"]
[BlackElo "1969"]
[PlyCount "106"]
[EventDate "2004.05.16"]
[EventType "team"]
[EventRounds "3"]
[EventCountry "GER"]
[SourceTitle "EXT 2006"]
[Source "ChessBase"]
[SourceDate "2005.11.24"]
[SourceVersion "1"]
[SourceVersionDate "2005.11.24"]
[SourceQuality "1"]
[WhiteTeam "Laeufer Ost"]
[BlackTeam "Horst II"]
[WhiteTeamCountry "GER"]
[BlackTeamCountry "GER"]

1. e4 e6 2. d4 d5 3. Nc3 Nf6 4. Bg5 Bb4 5. e5 h6 6. exf6 hxg5 7. fxg7 Rg8 8. Qh5 Qf6 9. Nf3 Qxg7 10. Bb5+ c6 11. Bd3 Nd7 12. Qh7 Qf8 13. Be2 Rg6 14. g4 Nf6 15. Qh3 Rh6 16. Qg2 Ne4 17. Kf1 Nxc3 18. bxc3 Bxc3 19. Rd1 Qg7 20. Qg3 Ba5 21. c4 f6 22. h3 Bc7 23. Qg2 Bd7 24. Nd2 Qh7 25. Qf3 Bf4 26. Bd3 Qg7 27. Nb3 0-0-0 28. Nc5 f5 29. cxd5 fxg4 30. Qxg4 cxd5 31. Qe2 e5 32. Nxd7 Qxd7 33. dxe5 Rxh3 34. Rg1 Kb8 35. e6 Qe7 36. Bb5 d4 37. Bd7 Rf8 38. Rxd4 Be3 39. Rc4 a6 40. Rc8+ Rxc8 41. Bxc8 Kxc8 42. fxe3 Qxe6 43. Rxg5 Rh1+ 44. Kf2 Rc1 45. Qb2 Qf7+ 46. Kg2 Qf1+ 47. Kg3 Qg1+ 48. Kh4 Qxe3 49. Rg3 Qh6+ 50. Kg4 Qg6+ 51. Kf3 Qd3+ 52. Kg4 Rc4+ 53. Kh3 Qh7+ 0-1